000 00492nam a22001817a 4500
003 NUST - PNEC
005 20170116180819.0
008 150615b xxu||||| |||| 00| 0 eng d
020 _a0030570387
040 _cLIBRARY
082 _a510 KAR
100 _93935
_aKarni, Shlomo,
245 _aMathematical methods in continuous and discrete system
_cShlomo Karni
260 _aNew York
_bHolt McDougal
_cc1982.
300 _a312 p. :
650 _93937
_aMathematical
_xME
942 _2ddc
_cBK
999 _c63651
_d63651